| 000 | 00622 a2200205 4500 | ||
|---|---|---|---|
| 001 | 61957 | ||
| 005 | 20260407155912.0 | ||
| 008 | 260407a1991 arg spa d | ||
| 003 | AR-UNSa-BCEJYS | ||
| 040 |
_aAR-UNSa-BCEJYS _bspa _cAR-UNSa-BCEJYS |
||
| 080 |
_a347.72 _xSociedades comerciales |
||
| 245 | 1 | 0 |
_aLos grupos económicos y de sociedades _pResponsabilidad concursal. Laboral. Societaria |
| 020 | _a978-950-9606-27-2 | ||
| 264 | 1 |
_aBuenos Aires : _bAD-HOC _c1991 |
|
| 300 |
_a436 p. _c22 cm. |
||
| 041 | _aspa | ||
| 942 | _cBK | ||
| 590 | _aniveau_biblio:m niveau_hierar:0 | ||
| 100 | 1 | _aMartorell, Ernesto Eduardo | |
| 999 |
_c7497 _d7497 |
||